50 Biggest Places In Nevada - Statistics

General Stats
  • This quiz has been taken 7 times
    5 since last reset
  • The average score is 20 of 50
Answer Stats
First Letter County(s) Population Answer % Correct
C Ormsby 57,602 Carson City
100%
E Elko 20,935 Elko
100%
E Clark 254,706 Enterprise
100%
H Clark 349,460 Henderson
100%
L Clark 670,352 Las Vegas
100%
N Clark 300,475 North Las Vegas
100%
P Clark 181,375 Paradise
100%
R Washoe 281,537 Reno
100%
S Washoe 111,279 Sparks
100%
P Nye 46,778 Pahrump
80%
W Humboldt 8,167 Winnemucca
80%
B Clark 14,771 Boulder City
60%
E White Pine 3,889 Ely
60%
F Churchill 9,741 Fallon
60%
F Lyon 25,888 Fernley
60%
M Clark 24,232 Mesquite
60%
S Clark 230,544 Spring Valley
60%
B Lander 4,325 Battle Mountain
40%
G Douglas 6,270 Gardnerville
40%
I Washoe 9,259 Incline Village
40%
L Clark 8,399 Laughlin
40%
S Lyon 5,072 Silver Springs
40%
S Clark 31,134 Summerlin South
40%
W Elko 4,488 West Wendover
40%
W Clark 39,919 Winchester
40%
A Nye 1,694 Amargosa Valley
20%
C Elko 1,981 Carlin
20%
D Lyon 17,028 Dayton
20%
G Douglas 12,243 Gardnerville Ranchos
20%
H Mineral 2,607 Hawthorne
20%
L Pershing 1,793 Lovelock
20%
M Douglas 3,175 Minden
20%
S Clark 200,563 Sunrise Manor
20%
S Washoe 23,644 Sun Valley
20%
W Clark 46,254 Whitney
20%
Y Lyon 3,253 Yerington
20%
C Washoe 11,650 Cold Springs
0%
I Douglas 6,037 Indian Hills
0%
J White Pine 6,501 Johnson Lake
0%
K Douglas 1,862 Kingsbury
0%
L Washoe 5,266 Lemmon Valley
0%
M Clark 7,199 Moapa Valley
0%
N Clark 4,551 Nellis AFB/Nellis/Nellis Air Force Base
0%
R Douglas 1,791 Ruhenstroth
0%
S Clark 1,880 Sandy Valley
0%
S Washoe 16,756 Spanish Springs
0%
S Elko 15,737 Spring Creek
0%
S Lyon 1,912 Stagecoach
0%
T Douglas 1,744 Topaz Ranch Estates
0%
W Washoe 3,289 Washoe Valley
0%
No matching quizzes found
Score Distribution
Percent of People with Each Score
Percentile by Number Answered
Your Score History
You have not taken this quiz since the last reset